| 000 | 00672nam a2200205 i 4500 | ||
|---|---|---|---|
| 001 | 63651 | ||
| 003 | ES-MaACL | ||
| 005 | 20230906164932.0 | ||
| 007 | t| | ||
| 008 | 031215s1974 sp ||||1| spa d | ||
| 100 | 1 |
_aFeyerabend, Paul K. _950655 |
|
| 245 | 1 | 0 |
_aContra el método _b: esquema de una teoría anarquista del conocimiento / _cPaul D. Feyerabend ; traducción castellana de Francisco Hernán. |
| 260 |
_aBarcelona : _bAriel, _c[1974] |
||
| 300 |
_a207 p. ; _c18 cm. |
||
| 490 | 1 |
_aAriel quincenal ; _v85 |
|
| 700 | 1 |
_aHernán, Francisco. _962774 |
|
| 830 | 0 |
_aAriel quincenal ; _v85 _9180806 |
|
| 852 |
_aES-MaACL _jC-56671 _bR.89395 |
||
| 999 |
_c63651 _d63651 |
||